Grain quality traits of aromatic rice varieties as influenced by supplementation of zinc and 2-acetyl-1-pyrroline / (Record no. 16125)
[ view plain ]
| 000 -LEADER | |
|---|---|
| fixed length control field | 01139nam a22002777a 4500 |
| 003 - CONTROL NUMBER IDENTIFIER | |
| control field | BD-DhSAU |
| 005 - DATE AND TIME OF LATEST TRANSACTION | |
| control field | 20221001155256.0 |
| 008 - FIXED-LENGTH DATA ELEMENTS--GENERAL INFORMATION | |
| fixed length control field | 150612b2021 bg ad||| m||| 00| 0 eng d |
| 040 ## - CATALOGING SOURCE | |
| Original cataloging agency | BD-DhSAU |
| 082 ## - DEWEY DECIMAL CLASSIFICATION NUMBER | |
| Edition number | 22 |
| Classification number | 631.521 |
| Item number | R8121 |
| 100 ## - MAIN ENTRY--PERSONAL NAME | |
| Personal name | Roy, Anup |
| Relator term | Registration No. # 13-05282 |
| 245 ## - TITLE STATEMENT | |
| Title | Grain quality traits of aromatic rice varieties as influenced by supplementation of zinc and 2-acetyl-1-pyrroline / |
| Remainder of title | MS thesis |
| 260 ## - PUBLICATION, DISTRIBUTION, ETC. (IMPRINT) | |
| Place of publication, distribution, etc. | Sher-e-Bangla Agricultural University, |
| Name of publisher, distributor, etc. | Institute of Seed Technology, |
| Date of publication, distribution, etc. | 2020 |
| 300 ## - PHYSICAL DESCRIPTION | |
| Extent | ix, 92p. |
| Other physical details | ill. ; |
| Dimensions | 30 cm. |
| 500 ## - GENERAL NOTE | |
| General note | MS thesis of Department of seed techonology, Faculty of Agriculture, Sher-e-Bangla Agricultural University, Dhaka, Bangladesh |
| 504 ## - BIBLIOGRAPHY, ETC. NOTE | |
| Bibliography, etc | Includes bibliographical reference. |
| 590 ## - Name of Cataloguer | |
| Name of Cataloger | nazmul <br/> |
| 650 ## - SUBJECT ADDED ENTRY--TOPICAL TERM | |
| Topical term or geographic name as entry element | Grain quality traits |
| 650 ## - SUBJECT ADDED ENTRY--TOPICAL TERM | |
| Topical term or geographic name as entry element | aromatic rice varieties |
| 651 ## - SUBJECT ADDED ENTRY--GEOGRAPHIC NAME | |
| Geographic name | zinc and 2-acetyl-1-pyrroline |
| 654 ## - SUBJECT ADDED ENTRY--FACETED TOPICAL TERM | |
| Focus term | nitrogen and phosphorus |
| 700 ## - ADDED ENTRY--PERSONAL NAME | |
| Relator term | Superviser |
| Fuller form of name | Prof. Dr. Tuhin Suvra Roy |
| 700 ## - ADDED ENTRY--PERSONAL NAME | |
| Relator term | Co-superviser |
| Fuller form of name | Prof. Dr. Mohammad Ali |
| 942 ## - ADDED ENTRY ELEMENTS (KOHA) | |
| Source of classification or shelving scheme | Dewey Decimal Classification |
| Koha item type | MS Level Thesis |
| Withdrawn status | Lost status | Source of classification or shelving scheme | Damaged status | Not for loan | Collection code | Home library | Branch Name | Date acquired | Total Checkouts | Full call number | Barcode | Date last seen | Price effective from | Koha item type |
|---|---|---|---|---|---|---|---|---|---|---|---|---|---|---|
| Dewey Decimal Classification | Not For Loan | Reference | SAU Library | SAU Library | 01/10/2022 | 631.521 R8121 | 44041 | 01/10/2022 | 01/10/2022 | MS Level Thesis |
